书目信息 |
| 题名: |
高速公路房建工程监理指南
|
|
| 作者: | 梁全富 主编 ;孙伟民 编写 | |
| 分册: | ||
| 出版信息: | 北京 中国建筑工业出版社 2005 |
|
| 页数: | 300页 | |
| 开本: | 21cm | |
| 丛书名: | ||
| 单 册: | ||
| 中图分类: | U417 | |
| 科图分类: | ||
| 主题词: | 高速公路--建筑物--建筑工程--监管制度 | |
| 电子资源: | ||
| ISBN: | 7-112-07541-6 | |
| 000 | 00902nam0-2200229 450 | |
| 001 | 0100004120 | |
| 005 | 20191104091028.72 | |
| 010 | @a7-112-07541-6@dCNY25.00 | |
| 100 | @a20050317d2005 em y0chiy50 ea | |
| 101 | 0 | @achi |
| 102 | @aCN@b110000 | |
| 105 | @aa z 000yy | |
| 200 | 1 | @a高速公路房建工程监理指南@f梁全富主编@g孙伟民[等]编写@Agao su gong lu fang jian gong cheng jian li zhi nan |
| 210 | @a北京@c中国建筑工业出版社@d2005 | |
| 215 | @a300页@c折图@d21cm | |
| 330 | @a本书内容包括:高速公路房建工程监理概论、高速公路房建工程质量监理、高速公路房建工程质量监理要点、高速公路房建监理工程进度的控制、高速公路房建工程费用监理、高速公路房建监理合同管理等。 | |
| 606 | 0 | @a高速公路@x建筑物@x建筑工程@x监管制度 |
| 690 | @aU417@v4 | |
| 701 | 0 | @a梁全富@4主编@Aliang quan fu |
| 702 | 0 | @a孙伟民@c(公路房建)@4编写@Asun wei min |
| 801 | 0 | @aCN@c20160515 |
| 905 | @a河南城建学院图书馆@dU417@eL405 | |
| 高速公路房建工程监理指南/梁全富主编/孙伟民[等]编写.-北京:中国建筑工业出版社,2005 |
| 300页:折图;21cm |
| ISBN 7-112-07541-6:CNY25.00 |
| 本书内容包括:高速公路房建工程监理概论、高速公路房建工程质量监理、高速公路房建工程质量监理要点、高速公路房建监理工程进度的控制、高速公路房建工程费用监理、高速公路房建监理合同管理等。 |
| ● |
| 相关链接 |
|
|
|
正题名:高速公路房建工程监理指南
索取号:U417/L405
 
预约/预借
| 序号 | 登录号 | 条形码 | 馆藏地/架位号 | 状态 | 备注 |
| 1 | 1283296 | 212832960 | 自科库501/501自科库 53排4列2层/ [索取号:U417/L405] | 在馆 | |
| 2 | 1283297 | 212832979 | 自科库501/501自科库 53排4列2层/ [索取号:U417/L405] | 在馆 | |
| 3 | 1283298 | 212832988 | 期刊室512/501自科库 53排4列2层/ [索取号:U417/L405] | 在馆 | |
| 4 | 1449314 | 214493145 | 期刊室512/501自科库 53排4列2层/ [索取号:U417/L405] | 在馆 | |
| 5 | 1449316 | 214493163 | 期刊室512/501自科库 53排4列2层/ [索取号:U417/L405] | 在馆 | |
| 6 | 1449317 | 214493172 | 期刊室512/501自科库 53排4列2层/ [索取号:U417/L405] | 在馆 | |
| 7 | 1449318 | 214493181 | 期刊室512/501自科库 53排4列2层/ [索取号:U417/L405] | 在馆 | |
| 8 | 1449319 | 214493190 | 期刊室512/501自科库 53排4列2层/ [索取号:U417/L405] | 在馆 |